00718nam a2200217 a 450000100100000000500170001000800410002702000150006804000250008308200220010810000510013024500690018126000380025030000190028849000250030750000630033253400320039565000220042765000260044983000250047500001233320240305135410.0091111s2000 dr r 000 f spa d a8481302414 aDO-SdBNPbspacBNPHU aCo863.44bG216cro1 aGarcía Márquez, Gabriel,b1928-2014d1928-10aCrónica de una muerte anunciada /cGabriel García Márquez. aSanto Domingo :bEl Siglo,c2000. a94 . ;c21 cm.1 aJoyas del mileniov8 aIncluye datos biográficos del autor en la contracubierta aBarcelona : BIBLIOTEX, 2000 4aNovela colombiana 4aLiteratura colombiana 0aJoyas del milenion8